[Event "GER-chT U20 Girls"]
[Site "Magdeburg"]
[Date "2023.12.30"]
[Round "7.7"]
[White "Neitzel, Emma"]
[Black "Jeschke, Melissa"]
[Result "1/2-1/2"]
[WhiteElo "1118"]
[BlackElo "1060"]
[PlyCount "129"]
[EventDate "2023.12.26"]
[EventType "team-swiss"]
[EventRounds "7"]
[EventCountry "GER"]
[SourceTitle "CB03_2024"]
[SourceDate "2024.01.17"]
[SourceVersion "1"]
[SourceVersionDate "2024.01.17"]
[SourceQuality "1"]
[WhiteTeam "Elmshorn"]
[BlackTeam "Muenster 32"]
[WhiteTeamCountry "GER"]
[BlackTeamCountry "GER"]

1. d4 f5 2. c4 e6 3. Nc3 Nf6 4. Nf3 Bb4 5. Bd2 0-0 6. a3 Be7 7. Qc2 b6 8. e4 fxe4 9. Nxe4 Bb7 10. Nfg5 Nxe4 11. Nxe4 Nc6 12. Bc3 d5 13. cxd5 exd5 14. Ng3 Bg5 15. Bd3 Qe7+ 16. Qe2 Qf7 17. 0-0 Rae8 18. Qc2 g6 19. b4 Bf6 20. Bb5 a6 21. Bxc6 Bxc6 22. Rad1 Re6 23. Rfe1 Rxe1+ 24. Rxe1 Re8 25. Rxe8+ Qxe8 26. Qe2 Qxe2 27. Nxe2 Bb5 28. Nf4 c6 29. Ne6 Kf7 30. Nc7 Bc4 31. a4 Bd8 32. Na8 Ke7 33. a5 b5 34. Nb6 Bxb6 35. axb6 Kd7 36. Bd2 Kc8 37. Bf4 Kb7 38. Bc7 a5 39. bxa5 b4 40. Bd6 b3 41. Ba3 c5 42. Bb2 cxd4 43. Bxd4 Ba6 44. f4 Kc6 45. g4 Kb5 46. f5 gxf5 47. gxf5 Kc4 48. f6 Kxd4 49. f7 b2 50. f8Q b1Q+ 51. Kg2 Qa2+ 52. Kg3 Qxa5 53. Qf2+ Kc4 54. Qc2+ Kb5 55. Qb3+ Qb4 56. Qxd5+ Kxb6 57. Qe6+ Ka7 58. Qf7+ Qb7 59. Qf2+ Kb8 60. Qf8+ Kc7 61. Qf4+ Kd8 62. Qf8+ Kd7 63. Qg7+ Ke8 64. Qg8+ Kd7 65. Qxh7+ 1/2-1/2

[Event "GER-chT U20 Girls"]
[Site "Magdeburg"]
[Date "2023.12.29"]
[Round "6.9"]
[White "Jeschke, Melissa"]
[Black "Bilogolovko, Anna"]
[Result "1-0"]
[WhiteElo "1060"]
[BlackElo "1455"]
[PlyCount "117"]
[EventDate "2023.12.26"]
[EventType "team-swiss"]
[EventRounds "7"]
[EventCountry "GER"]
[SourceTitle "CB03_2024"]
[SourceDate "2024.01.17"]
[SourceVersion "1"]
[SourceVersionDate "2024.01.17"]
[SourceQuality "1"]
[WhiteTeam "Muenster 32"]
[BlackTeam "Stuttgart Strateg"]
[WhiteTeamCountry "GER"]
[BlackTeamCountry "GER"]

1. e4 e5 2. Nf3 Nc6 3. Bb5 d6 4. d4 Bd7 5. Nc3 Be7 6. Bxc6 Bxc6 7. dxe5 dxe5 8. Qxd8+ Rxd8 9. Nxe5 Nf6 10. Nxc6 bxc6 11. 0-0 0-0 12. Be3 a6 13. Rad1 Rb8 14. e5 Ng4 15. Bd4 c5 16. Nd5 cxd4 17. Nxe7+ Kh8 18. Rxd4 Nxe5 19. Re1 Rxb2 20. Kf1 Ng6 21. Nxg6+ fxg6 22. Rc4 Rxa2 23. Rxc7 Ra5 24. Ree7 Rg8 25. Ke2 Rg5 26. g3 Rh5 27. h4 Rf5 28. c4 Rff8 29. c5 Ra8 30. Ra7 Rac8 31. Rac7 Ra8 32. Ra7 Rac8 33. Rec7 Rge8+ 34. Kd3 Rcd8+ 35. Kc4 Re1 36. Rxa6 Rc1+ 37. Kb5 Rb8+ 38. Kc6 Rf8 39. Raa7 Rc2 40. Rxg7 Rf6+ 41. Kb5 Rb2+ 42. Kc4 Rc2+ 43. Kb4 Rb2+ 44. Kc3 Rbxf2 45. Rxh7+ Kg8 46. Rhg7+ Kh8 47. Rgc7 Kg8 48. Rc8+ Rf8 49. Rxf8+ Kxf8 50. Ra3 Rf5 51. Kb4 Ke8 52. c6 Rf6 53. Kb5 Rf1 54. Ra4 Rb1+ 55. Rb4 Rxb4+ 56. Kxb4 Kd8 57. Kb5 Kc7 58. g4 Kc8 59. h5 1-0

[Event "GER-chT U20 Girls"]
[Site "Magdeburg"]
[Date "2023.12.28"]
[Round "3.5"]
[White "Jeschke, Melissa"]
[Black "Kessen, Fanny"]
[Result "0-1"]
[WhiteElo "1060"]
[BlackElo "1419"]
[PlyCount "40"]
[EventDate "2023.12.26"]
[EventType "team-swiss"]
[EventRounds "7"]
[EventCountry "GER"]
[SourceTitle "CB03_2024"]
[SourceDate "2024.01.17"]
[SourceVersion "1"]
[SourceVersionDate "2024.01.17"]
[SourceQuality "1"]
[WhiteTeam "Muenster 32"]
[BlackTeam "Lichtenberg Borussia"]
[WhiteTeamCountry "GER"]
[BlackTeamCountry "GER"]

1. e4 e5 2. Nf3 Nc6 3. Bb5 a6 4. Ba4 Nf6 5. 0-0 b5 6. Bb3 Be7 7. Re1 0-0 8. c3 d5 9. exd5 Nxd5 10. Nxe5 Nxe5 11. Rxe5 Nf6 12. d4 Bd6 13. Re1 Bxh2+ 14. Kxh2 Ng4+ 15. Kg1 Qh4 16. Bf4 Qxf2+ 17. Kh1 Qxf4 18. Kg1 Qh2+ 19. Kf1 Qh1+ 20. Ke2 Qxg2+ 0-1